| 000 | 00849nam a2200253Ia 4500 | ||
|---|---|---|---|
| 001 | 11361 | ||
| 003 | GE_BSU | ||
| 008 | 181216s||||||||xx |||||||||||||| ||und|| | ||
| 020 | _a9785930932652 | ||
| 040 | _cGE_BSU | ||
| 080 | _a004.41 | ||
| 100 | _aКудрявцев,Е.М. | ||
| 245 | _aОформление дипломных проектов на компьютере. | ||
| 245 | _bУчебное пособие. | ||
| 250 | _aизд второе;перераб и доп. | ||
| 260 | _aМосква. | ||
| 260 | _bИздательство Ассоциации строительных Вузов. | ||
| 260 | _c2010. | ||
| 300 | _a416стр;илл;22см. | ||
| 300 | _eБиблиогр стр:407 | ||
| 541 | _h42л. | ||
| 653 | _aОформление дипломных проектов на компьютере. | ||
| 942 | _cBK | ||
| 999 |
_c44558 _d44558 |
||